The Mary Carleton narratives, 1663-1673 : a missing chapter in the history of the English novel /

Bibliographic Details
Main Author: Bernbaum, Ernest, 1879-1958
Format: Book
Language:English
Published: Cambridge : Harvard university press; [etc., etc.], 1914.
Subjects:

MARC

Tag First Indicator Second Indicator Subfields
LEADER 00000cam a2200000 4500
001 in00000033748
005 20151007063307.0
008 770107s1914 mau b 00010 eng
010 |a  14019316  
035 |a (OCoLC)02665995 
035 |9 AAD7031AM 
040 |a DLC  |c CIN  |d CIN  |d TXA  |d UtOrBLW 
049 |a TXAM  |c [170263] 
050 0 |a PR844.C3  |b B4 
092 |a 823.09  |b B524c 
100 1 |a Bernbaum, Ernest,  |d 1879-1958. 
245 1 4 |a The Mary Carleton narratives, 1663-1673 :  |b a missing chapter in the history of the English novel /  |c by Ernest Bernbaum. 
264 1 |a Cambridge :  |b Harvard university press; [etc., etc.],  |c 1914. 
300 |a v, 106 pages, 1 . ;  |c 23 cm. 
336 |a text  |b txt  |2 rdacontent 
337 |a unmediated  |b n  |2 rdamedia 
338 |a volume  |b nc  |2 rdacarrier 
505 0 |a The singular life and curious biographies of Mary Carleton.--The Carleton publications of 1663.--The minor publications of 1673.--"The counterfeit lady" a fiction.--The narrative technique of "The counterfeit lady."--The historical significance of "The counterfeit lady."--The current doctrine of the rise of the English novel.--Bibliographical difficulties. 
600 1 0 |a Carleton, Mary,  |d 1642?-1673. 
600 1 0 |a Kirkman, Francis,  |d 1632-approximately 1680.  |t Counterfeit lady. 
999 |a MARS 
999 f f |s 666f009e-c342-363c-a1db-caeec1241c50  |i 0b7af314-1873-3566-96a8-19384b8970bc  |t 0 
952 f f |p ric  |a Texas A&M University  |b Rellis Campus  |c Joint Library Facility  |d Remote Storage  |t 0  |e PR844.C3 B4  |h Library of Congress classification  |i unmediated -- volume  |m A14801334920 
998 f f |a PR844.C3 B4  |t 0  |l Remote Storage